Southeast Asian fish products

This report is a comprehensive record of fish products in the region and will be of interest to researchers food scientists, fish technologists and administrators,...

Bewaard in:
Bibliografische gegevens
Formaat: Boek
Taal:Undetermined
Gepubliceerd in: Singapore Marine Fisheries Research Department 1991
Onderwerpen:
Tags: Voeg label toe
Geen labels, Wees de eerste die dit record labelt!
Thư viện lưu trữ: Trung tâm Học liệu Trường Đại học Cần Thơ
LEADER 00743nam a2200193Ia 4500
001 CTU_149903
008 210402s9999 xx 000 0 und d
082 |a 338.371 
082 |b S727 
245 0 |a Southeast Asian fish products 
245 0 |c Compiled by Ng Mui Chng, Hooi Kok Kuang, Katsutoshi Miwa 
260 |a Singapore 
260 |b Marine Fisheries Research Department 
260 |c 1991 
520 |a This report is a comprehensive record of fish products in the region and will be of interest to researchers food scientists, fish technologists and administrators,... 
650 |a Fishery products,Fisheries 
650 |z Southeast Asia,Southeast Asia 
904 |i Năm 
980 |a Trung tâm Học liệu Trường Đại học Cần Thơ